header

Leonard and Virginia Woolf, the Hogarth Press and the networks of modernism (Record no. 234018)

MARC details
000 -LEADER
fixed length control field 01273nam a2200313Ia 4500
082 04 - DEWEY DECIMAL CLASSIFICATION NUMBER
Classification number 070.50922
245 00 - TITLE STATEMENT
Title Leonard and Virginia Woolf, the Hogarth Press and the networks of modernism
260 ## - PUBLICATION, DISTRIBUTION, ETC. (IMPRINT)
Place of publication Edinburgh :
Name of publisher Edinburgh University Press,
Year of publication 2010.
300 ## - PHYSICAL DESCRIPTION
Number of Pages xii, 276 p. :
Other physical details ill.
650 #0 - SUBJECT ADDED ENTRY--TOPICAL TERM
Topical Term Publishers and publishing
700 1# - ADDED ENTRY--PERSONAL NAME
Personal name Southworth, Helen.
856 40 - ELECTRONIC LOCATION AND ACCESS
Uniform Resource Identifier http://site.ebrary.com/lib/rucke/Doc?id=10433749

No items available.

© 2026 Rongo University
Contact us: librarian | system librarian | Rongo university